00768nam a2200217 a 4500001000400000003001000004005001700014008004100031020001500072040002500087080002200112100005200134245013000186250001100316260003300327300002700360504002500387650004100412650004700453650005000500958BR-CuiBMT20231124003345.0231123s1998 spba 000 0 por d a8522419906 aBR-CuiBMTcBR-CuiBMT 22007a658:001.1021 aOliveira, Djalma de Pinho Rebouças de,d1943-10aSistemas de informações gerenciais : bestratégias, táticas, operacionais /cDjalma de Pinho Rebouças de Oliveira.  a5. ed. aSão Paulo :bAtlas,c1998. a275 p. :bil. ;c24 cm aInclui bibliografia. aSistemas de informação gerencial aTecnologia da informaçãoxGovernança aSistemas de informaçãoxAdministração